Certificación Forestal Voluntaria de guadua natural y plantada en Colombia (Registro nro. 6039)

Detalles MARC
000 -CABECERA
Campo de control 01139nam a2200205 a 4500
090 ## - CLASIFICACIÓN LOCAL
Colección IAVH
Consecutivo 00765 CD-1
041 ## - IDIOMA
Código de idioma para texto/pista de sonido o título separado Español
100 ## - ASIENTO PRINCIPAL--NOMBRE PERSONAL
Nombre personal Arboleda Obando, María Ofelia
110 ## - ASIENTO PRINCIPAL--NOMBRE CORPORATIVO
Unidad subordinad Agencia Alemana de Cooperación para el Desarrollo, GTZ
245 ## - MENCION DE TITULO
Título Certificación Forestal Voluntaria de guadua natural y plantada en Colombia
260 ## - PUBLICACION, DISTRIBUCION, ETC. (PIE DE IMPRENTA)
Lugar de publicación, distribución, etc. Cali
Nombre del editor, distribuidor, etc. Instituto Alexander von Humboldt
-- GTCFV
-- GTZ
-- WWF
Fecha de publicación, distribución, etc. 2003
300 ## - DESCRIPCION FISICA
Extensión 170 p.
520 ## - NOTA DE RESUMEN, ETC.
Nota de resumen Se presentan los avances obtenidos en cada una de las reuniones del Tercer, Cuarto y Quinto Comité de normas para la Certificación Forestal Voluntaria de guadua natural y plantada en Colombia. Se presentan además los resultados de la evaluación en campo de las normas para dicha certificación.
650 ## - ASIENTO SECUNDARIO DE MATERIA - TERMINO TEMATICO
Término temático o nombre geográfico como elemento de entrada Biodiversidad
650 ## - ASIENTO SECUNDARIO DE MATERIA - TERMINO TEMATICO
Término temático o nombre geográfico como elemento de entrada Conservación
650 ## - ASIENTO SECUNDARIO DE MATERIA - TERMINO TEMATICO
Término temático o nombre geográfico como elemento de entrada Certificación Forestal Voluntaria
710 ## - ASIENTO SECUNDARIO - NOMBRE CORPORATIVO
Nombre corporativo o de jurisdicción como elemento de entrada ^aWorld Wildlife Fund^sWWF
710 ## - ASIENTO SECUNDARIO - NOMBRE CORPORATIVO
Nombre corporativo o de jurisdicción como elemento de entrada ^aGrupo de Trabajo en Certificación Forestal Voluntaria^sGTCFV
773 0# - Item fuente:
Host Biblionumber 5986
Host Itemnumber 9704
Asiento principal
Edición
Lugar, editorial y fecha de publicación Bogotá Informatica documental 2007
Otro identificador del ítem - Codigo de Barras 024802
Título Informes de investigaciones IAVH en PDF
Número de control del registro
Número Internacional Normalizado para Publicaciones Seriadas - ISSN
Número Internacional Normalizado para Libros - ISBN

No hay ítems disponibles.